000 00821nas a2200265 4500
001 BR0804455
003 BR-BrBNA
005 20231205111826.0
007 ta
008 230509b bl.|||p| |||| 00| 00por d
040 _aBR-BrBNA
_bpor
_cBiblioteca Nacional de Agricultura
041 _a(Pt)
072 _aF02
100 1 _aEisfeld, C. de L.
100 1 _aRibas, L.L.F.
100 1 _aQuoirim, M.
245 1 _aUtilização da bactéria Rhodococcus fascians na otimização do processo de formação de brotos de acácia negra
650 _aPROPAGAÇÃO VEGETATIVA
650 _aACÁCIA NEGRA
650 _aBACTÉRIA
650 _aBROTAÇÃO
773 0 _tScientia Agraria (Brazil)
_xISSN 1519-1125
_g(2004), v. 5(1-2) p. 49-53
_wBR0804455
909 _a202311
_bLúcia
_c55
_dLúcia Elande
942 _2AGRIS
_n0
_cANA
999 _c194670
_d194670